000 00419nam a22001697a 4500
003 OSt
008 250818b |||||||| |||| 00| 0 eng d
020 _a9789364552356
082 _a343.055 BAG
100 _aBANSAL, K. M.
245 _aGST & Customs Law
250 _a12th. ed.,
260 _aNew Delhi,
_bTaxmann Publications Private Limited,
_c2025,
300 _aMISC.
650 _aCommerce
942 _2ddc
_cBK
999 _c13705
_d13705